000 02176nam0a2200349 4500
001 RU\NLR\bibl\1199848
005 20260407175943.0
010 _a978-5-87854-414-6
_9200
035 _a(NLR Aleph) 001186355
090 _a1689434
_c1689434
100 _a20080312d2007 |||y0rusy50 ca
101 0 _arus
102 _aRU
105 _aa |||||||||
200 1 _aСоциально-психологическая технология "Толерантное общение и взаимодействие"
_eпособие для психологов, специалистов социальной работы и воспитателей школ-интернатов
_fПсков обл. отд-ние Общерос. обществ. дет. фонда "Рос. дет. фонд", сков гос. пед. ун-т им. С.М. Кирова
_g[сост., общ. и науч. ред.: Н.А. Цветкова, проф., к.филос.н.]
210 _aПсков
_cред.-изд. отд. Псковского государственного педагогического университета
_d2007
215 _a286 с., [6] л. цв. ил.
_d20
320 _aБиблиогр. в тексте
517 0 _aТолерантное общение и взаимодействие
606 1 _aШкольники
_jРуководства, пособия и т.п.
_xВоспитание толерантности
_92272565
_3RU\NLR\auth\661362025
606 1 _aШколы-интернаты
_jРуководства, пособия и т.п.
_xВоспитательная работа
_91943046
_3RU\NLR\auth\661176121
686 _aЧ421.352.15я7
686 _aЧ421.344я7
702 1 _4220
_8rus
_7ca
_aЦветкова
_bН. А.
_cд-р психол. наук
_gНадежда Александровна
_3RU\NLR\auth\7795953
_978879
712 0 2 _4570
_aРоссийский детский фонд
_bПсковское областное отделение
_3RU\NLR\AUTH\8810114107
_9727607
801 0 _aRU
_bNLR
_c20080312
_gRCR
801 1 _aRU
_bNLR
_c20080312
830 _aсост. по кн.
942 _cBOOK
980 _aNB